000 00587nam a22001937a 4500
999 _c172722
_d172722
005 20200212101518.0
010 _aA-848344
020 _c125.00
035 _aA-848344
037 _bBPPD/Pub.
082 _a155.2
100 _aبیدل سرحری
245 _aخود شناسی کی طرف /
_cبیدل سرحری
246 _aKhud Shanasi Ki Taraf (Urdu) /
_bby Bedil Sarhadi
260 _aDelhi
_bModern Publishing House
_c1996 ء
270 _a9 Gola Market, Daryaganj
_bNew Delhi
_e110002
300 _a128p.
_c20cm(Hb)
942 _2ddc
_cUR
_h155.2
_mآ ہ و